<?xml version="1.0" encoding="UTF-8"?>
<record
    xmlns:xsi="http://www.w3.org/2001/XMLSchema-instance"
    xsi:schemaLocation="http://www.loc.gov/MARC21/slim http://www.loc.gov/standards/marcxml/schema/MARC21slim.xsd"
    xmlns="http://www.loc.gov/MARC21/slim">

  <leader>01481nam0a22003371  4500</leader>
  <controlfield tag="001">RU\NLR\INFOCOMM_195\5000035571</controlfield>
  <controlfield tag="005">20250613091726.0</controlfield>
  <datafield tag="035" ind1=" " ind2=" ">
    <subfield code="a">(NLR Aleph) 009128396</subfield>
  </datafield>
  <datafield tag="090" ind1=" " ind2=" ">
    <subfield code="a">8261688</subfield>
    <subfield code="c">8261688</subfield>
  </datafield>
  <datafield tag="100" ind1=" " ind2=" ">
    <subfield code="a">20090526d1982    |||y0rusy50      ca</subfield>
  </datafield>
  <datafield tag="101" ind1="0" ind2=" ">
    <subfield code="a">eng</subfield>
    <subfield code="d">rus</subfield>
  </datafield>
  <datafield tag="102" ind1=" " ind2=" ">
    <subfield code="a">RU</subfield>
  </datafield>
  <datafield tag="105" ind1=" " ind2=" ">
    <subfield code="a">a   ||||000|y</subfield>
  </datafield>
  <datafield tag="200" ind1="1" ind2=" ">
    <subfield code="a">Excitation of two nucleons into continuum as a doorway process for the bound pion absorption by nuclei</subfield>
    <subfield code="f">B. L. Birbrair a. Yu. A. Kalashnikov</subfield>
  </datafield>
  <datafield tag="210" ind1=" " ind2=" ">
    <subfield code="a">L.</subfield>
    <subfield code="c">&#x41B;&#x418;&#x42F;&#x424;</subfield>
    <subfield code="d">1982</subfield>
  </datafield>
  <datafield tag="215" ind1=" " ind2=" ">
    <subfield code="a">26 &#x441;.</subfield>
    <subfield code="c">&#x438;&#x43B;.</subfield>
    <subfield code="d">20 &#x441;&#x43C;</subfield>
  </datafield>
  <datafield tag="225" ind1="1" ind2=" ">
    <subfield code="a">Academy of sciences of the USSR, Leningrad nuclear physics institute</subfield>
    <subfield code="v">756</subfield>
  </datafield>
  <datafield tag="300" ind1=" " ind2=" ">
    <subfield code="a">&#x41D;&#x430; &#x43E;&#x431;&#x43E;&#x440;&#x43E;&#x442;&#x435; &#x442;&#x438;&#x442;. &#x43B;.: &#x412;&#x43E;&#x437;&#x431;&#x443;&#x436;&#x434;&#x435;&#x43D;&#x438;&#x435; &#x434;&#x432;&#x443;&#x445; &#x43D;&#x443;&#x43A;&#x43B;&#x43E;&#x43D;&#x43E;&#x432; &#x432; &#x441;&#x43F;&#x43B;&#x43E;&#x448;&#x43D;&#x43E;&#x439; &#x441;&#x43F;&#x435;&#x43A;&#x442;&#x440; &#x43A;&#x430;&#x43A; &#x432;&#x445;&#x43E;&#x434;&#x43D;&#x43E;&#x439; &#x43F;&#x440;&#x43E;&#x446;&#x435;&#x441;&#x441; &#x434;&#x43B;&#x44F; &#x43F;&#x43E;&#x433;&#x43B;&#x43E;&#x449;&#x435;&#x43D;&#x438;&#x44F; &#x441;&#x432;&#x44F;&#x437;&#x430;&#x43D;&#x43D;&#x44B;&#x445; &#x43F;&#x438;&#x43E;&#x43D;&#x43E;&#x432; &#x44F;&#x434;&#x440;&#x430;&#x43C;&#x438; / &#x411;. &#x41B;. &#x411;&#x438;&#x440;&#x431;&#x440;&#x430;&#x438;&#x440;, &#x42E;. &#x410;. &#x41A;&#x430;&#x43B;&#x430;&#x448;&#x43D;&#x438;&#x43A;&#x43E;&#x432;</subfield>
  </datafield>
  <datafield tag="300" ind1=" " ind2=" ">
    <subfield code="a">&#x41D;&#x430; &#x43E;&#x431;&#x43B;. &#x43D;&#x430;&#x434;&#x437;&#x430;&#x433;. &#x43D;&#x430; &#x440;&#x443;&#x441;. &#x44F;&#x437;.</subfield>
  </datafield>
  <datafield tag="300" ind1=" " ind2=" ">
    <subfield code="a">&#x420;&#x435;&#x437;. &#x43D;&#x430; &#x440;&#x443;&#x441;. &#x44F;&#x437;.</subfield>
  </datafield>
  <datafield tag="320" ind1=" " ind2=" ">
    <subfield code="a">&#x411;&#x438;&#x431;&#x43B;&#x438;&#x43E;&#x433;&#x440;.: &#x441;. 25-26</subfield>
  </datafield>
  <datafield tag="606" ind1=" " ind2=" ">
    <subfield code="a">&#x41F;&#x438;&#x43E;&#x43D;&#x44B; (&#x444;&#x438;&#x437;.)</subfield>
    <subfield code="x">&#x41F;&#x43E;&#x433;&#x43B;&#x43E;&#x449;&#x435;&#x43D;&#x438;&#x435; &#x44F;&#x434;&#x440;&#x430;&#x43C;&#x438;</subfield>
    <subfield code="2">nlr_sh1</subfield>
  </datafield>
  <datafield tag="686" ind1=" " ind2=" ">
    <subfield code="a">&#x412;382.32</subfield>
    <subfield code="2">rubbk</subfield>
  </datafield>
  <datafield tag="700" ind1=" " ind2="1">
    <subfield code="a">Birbrair</subfield>
    <subfield code="b">B. L.</subfield>
    <subfield code="f">1932-</subfield>
    <subfield code="g">Boris L'vovi&#x10D;</subfield>
    <subfield code="4">070</subfield>
  </datafield>
  <datafield tag="701" ind1=" " ind2="1">
    <subfield code="9">z01790</subfield>
    <subfield code="a">Kala&#x161;nikov</subfield>
    <subfield code="b">Ju. A.</subfield>
    <subfield code="4">070</subfield>
  </datafield>
  <datafield tag="790" ind1=" " ind2="1">
    <subfield code="9">z01701</subfield>
    <subfield code="a">Kalashnikov</subfield>
    <subfield code="b">Yu. A.</subfield>
    <subfield code="4">070</subfield>
  </datafield>
  <datafield tag="801" ind1=" " ind2="1">
    <subfield code="a">RU</subfield>
    <subfield code="b">NLR</subfield>
    <subfield code="c">20090526</subfield>
  </datafield>
  <datafield tag="801" ind1=" " ind2="0">
    <subfield code="a">RU</subfield>
    <subfield code="b">NLR</subfield>
    <subfield code="g">PSBO</subfield>
  </datafield>
  <datafield tag="852" ind1=" " ind2=" ">
    <subfield code="a">NLR</subfield>
    <subfield code="j">&#x424;&#x437;01 &#x414;-4/1901</subfield>
  </datafield>
  <datafield tag="942" ind1=" " ind2=" ">
    <subfield code="c">BOOK</subfield>
  </datafield>
  <datafield tag="980" ind1=" " ind2=" ">
    <subfield code="a">NB</subfield>
  </datafield>
  <datafield tag="995" ind1=" " ind2=" ">
    <subfield code="5">2013-10-26</subfield>
    <subfield code="b">NLR01</subfield>
    <subfield code="c">NLR01</subfield>
    <subfield code="e">IF</subfield>
    <subfield code="f">9128396-10</subfield>
    <subfield code="k">&#x424;&#x437;01 &#x414;-4/1901</subfield>
    <subfield code="o">0</subfield>
    <subfield code="r">BOOK</subfield>
    <subfield code="s">01_41901</subfield>
  </datafield>
</record>
